| 000 | 00909nam0a22002411 4500 | ||
|---|---|---|---|
| 001 | rc\1125377 | ||
| 005 | 20041126174518.7 | ||
| 035 | _a(NLR Aleph) 006367757 | ||
| 090 |
_a4966453 _c4966453 |
||
| 100 | _a20041126d1981 u |0rusy50 ca | ||
| 101 | 0 | _arus | |
| 102 | _aRU | ||
| 105 | _aa ||||||||| | ||
| 200 | 1 |
_aПроблемы бухгалтерского учета и экономического анализа _eСб. науч. тр. _fМоск. экон.-стат. ин-т _gПод ред. А.В. Власова |
|
| 210 |
_aМ. _cМЭСИ _d1981 |
||
| 215 |
_a84 с., 1 отд. л. табл. _d20 |
||
| 702 | 1 |
_aВласов _bА. В. _gАркадий Валерианович _4340 |
|
| 712 | 0 | 2 |
_aМосковский экон.-статистический ин-т _3RU\NLR\AUTH\889937749 |
| 801 | 0 |
_aRU _bNLR _gpsbo |
|
| 801 | 1 |
_aRU _bELAR _2rusmarc |
|
| 852 |
_aNLR _j81-4/16322 |
||
| 942 | _cBOOK | ||
| 980 | _aNB | ||